El regreso del monstruo olvidado /

Guardado en:
Autor Principal: Rice, Alan R.
Otros Autores: Bernatene, Poly; il.
Formato: Libro
Idioma:Undetermined
Publicado: Buenos Aires : Genios, 2004.
Series:Terror en Monsterville ; 4
Materias:
Etiquetas: Agregar Etiqueta
Sin Etiquetas, Sea el primero en etiquetar este registro!
LEADER 00675nam a22002055a 4500
001 CEM.cems021240
008 240619s2004####ag############000#0#und#d
005 20240619140423.0
245 1 0 |a El regreso del monstruo olvidado /  |c Alan R. Rice ; ilustrado por Poly Bernatene. 
260 |a Buenos Aires :  |b Genios,  |c 2004. 
300 |a 24 p. 
490 1 |a Terror en Monsterville ;  |v 4 
020 |a 950782510X 
100 1 |a Rice, Alan R. 
700 1 |a Bernatene, Poly; il. 
653 |a Literatura estadounidense 
653 |a Literatura de terror 
653 |a Literatura juvenil 
653 |a Narrativa estadounidense 
859 |a CEMS  |b BIB. CEMS - Inicial y Primaria  |h 813.5  |i R36  |k IP  |p 2365  |t Ej.1